Gerichte nach Zutaten erraten - Statistiken

Allgemein
  • Dieses Quiz wurde 1.446 mal gespielt
  • Das Durchschnittsergebnis liegt bei 7 aus 12
Antwortstatistiken
Hint Antwort % Korrekt
MehlWasser Hefe Salz Olivenöl San Marzano Tomaten Mozzarella Basilikum Pizza
93%
RinderhackfleischTomaten Zwiebel Gewürzgurke Eisbergsalat Käse Brötchen Ketchup Mayonnaise Senf Hamburger
88%
ZitroneBackfett Semmelbrösel Eier Mehl Kalbsschnitzel Salz Schnitzel
83%
SchweinebauchSuppenhuhn Lauch Karotte Gemüsezwiebel Knoblauch Kombu Salz Zucker Wasser Ingwer trockener Sake Sojasauce Fett Weichgekochte Eier Nori Blätter Frühlingszwiebeln Ramen-Nudeln Ramen
68%
SpaghettiPancetta Eier Parmesan Pecorino Olivenöl Salz Pfeffer Spaghetti Carbonara
65%
ZwiebelTomatenmark Wasser Öl Hackfleisch (gemischt) Kidneybohnen Mais Salsa Taco-Schalen Salz Pfeffer Tacos
62%
OlivenölArtischockenherzen Erbsen Bohnen Paprika rot Meeresfrüchte Petersilienöl Paellareis Paprika edelsüß Paprikapaste Gemüsebrühe Tintenfisch in Tomatensoße Paella
60%
MakkaroniButter Mehl Milch Käse Knoblauchpulver Salz Mac and Cheese
56%
HähnchenbrustSalz Pfeffer Mehl Speisestärke Zwiebelpulver Knoblauchpulver Eier Wasser Frittieröl Chicken Nuggets
49%
MehlSpeisestärke Backpulver Salz Pfeffer Sprudel Fischfilet Kartoffeln Frittieröl Fish and Chips
44%
Geschälte TomatenMais Paprika Zwiebel Olivenöl Hackfleisch Salz Pfeffer Cayennepfeffer Kreuzkümmel Tomatenmark Zucker Crème fraîche Käse Weizentortillas Burritos
24%
SchweinebauchSchweinehals Schweineknochen Salz Pfeffer Kümmel Paprika edelsüß Knoblauchzehen Suppengemüse Schalotten Kartoffeln Bratensaft Bier Majoran Sauerkraut Petersilie Schweinebraten
22%
Keine übereinstimmenden Quizze gefunden
Verteilung der Resultate
Anzahl Personen mit jedem Resultat
Perzentil nach korrekt beantworteten Fragen
Ihre Resultats-Entwicklung
Sie haben dieses Quiz noch nicht gespielt